[Event "Ceske Budejovice Open-A 2019"]
[Site "Ceske Budejovice"]
[Date "2019.07.06"]
[Round "8.22"]
[White "Pavlicek, Petr"]
[Black "Brhlik, Antonin"]
[Result "1-0"]
[WhiteElo "1828"]
[BlackElo "1639"]
[Annotator "NA"]
[PlyCount "140"]
[EventDate "2019.07.02"]
[EventCountry "CZE"]
[SourceTitle "playchess.com"]
[Source "ChessBase"]
[SourceQuality "1"]
[TimeControl "5400+30"]

1. Nf3 {[%emt 0:00:00]} Nf6 {[%emt 0:01:03]} 2. d4 {[%emt 0:00:03]} c5 {[%emt 0:02:32]} 3. c4 {[%emt 0:01:41]} cxd4 {[%emt 0:00:28]} 4. Nxd4 {[%emt 0:00:34]} e5 {[%emt 0:00:17]} 5. Nb5 {[%emt 0:00:31]} d5 {[%emt 0:00:22]} 6. cxd5 {[%emt 0:00:26]} Bc5 {[%emt 0:00:53]} 7. e3 {[%emt 0:02:08]} O-O {[%emt 0:10:03]} 8. Bc4 {[%emt 0:24:07]} a6 {[%emt 0:03:40]} 9. N5c3 {[%emt 0:00:51]} e4 {[%emt 0:03:06]} 10. O-O {[%emt 0:00:59]} Bd6 {[%emt 0:22:35]} 11. Be2 {[%emt 0:08:52]} Qe7 {[%emt 0:04:14]} 12. Nd2 {[%emt 0:03:37]} b5 {[%emt 0:06:13]} 13. a3 {[%emt 0:03:45]} Bb7 {[%emt 0:09:59]} 14. Qc2 {[%emt 0:10:57]} Re8 {[%emt 0:04:04]} 15. Rd1 {[%emt 0:05:27]} Nbd7 {[%emt 0:00:55]} 16. Nf1 {[%emt 0:01:51]} Rac8 {[%emt 0:00:59]} 17. Qd2 {[%emt 0:02:38]} Nb6 {[%emt 0:11:29]} 18. Ng3 {[%emt 0:02:29]} Bxg3 {[%emt 0:04:44]} 19. hxg3 {[%emt 0:00:52]} Nbxd5 {[%emt 0:01:23]} 20. Nxd5 {[%emt 0:03:20]} Bxd5 {[%emt 0:00:25]} 21. Qe1 {[%emt 0:02:27]} Bb3 {[%emt 0:01:22]} 22. Rd4 {[%emt 0:01:01]} Red8 {[%emt 0:06:03]} 23. Rxd8+ {[%emt 0:00:41]} Qxd8 {[%emt 0:00:55]} 24. Bd2 {[%emt 0:00:14]} Nd5 {[%emt 0:01:01]} 25. Rc1 {[%emt 0:01:23]} Rxc1 {[%emt 0:01:33]} 26. Qxc1 {[%emt 0:00:07]} Qc7 {[%emt 0:00:28]} 27. Qxc7 {[%emt 0:03:39]} Nxc7 {[%emt 0:00:02]} 28. Ba5 {[%emt 0:00:10]} Nd5 {[%emt 0:00:43]} 29. Bg4 {[%emt 0:00:16]} Ne7 {[%emt 0:00:49]} 30. Bb4 {[%emt 0:01:35]} Nc6 {[%emt 0:00:55]} 31. Bc8 {[%emt 0:02:40]} a5 {[%emt 0:00:52]} 32. Bc5 {[%emt 0:00:19]} a4 {[%emt 0:01:22]} 33. Kf1 {[%emt 0:02:59]} Ne5 {[%emt 0:00:28]} 34. Bd4 {[%emt 0:00:32]} Bc4+ {[%emt 0:00:28]} 35. Kg1 {[%emt 0:00:18]} Nd3 {[%emt 0:00:33]} 36. Bd7 {[%emt 0:00:35]} f6 {[%emt 0:00:29]} 37. Bc6 {[%emt 0:00:19]} f5 {[%emt 0:00:29]} 38. Bd7 {[%emt 0:01:35]} g6 {[%emt 0:00:15]} 39. g4 {[%emt 0:00:04]} fxg4 {[%emt 0:00:43]} 40. Bxg4 {[%emt 0:00:07]} Kf7 {[%emt 0:00:34]} 41. Bd7 {[%emt 0:04:57]} Nc1 {[%emt 0:00:00]} 42. Kh2 {[%emt 0:00:00]} Ke7 {[%emt 0:00:00]} 43. Bc6 {[%emt 0:00:00]} Bd3 {[%emt 0:00:00]} 44. Bd5 {[%emt 0:00:00]} Nb3 {[%emt 0:00:00]} 45. Be5 {[%emt 0:00:00]} Nc5 {[%emt 0:00:00]} 46. g4 {[%emt 0:00:00]} Ne6 {[%emt 0:00:00]} 47. Kg3 {[%emt 0:00:00]} Kd7 {[%emt 0:00:00]} 48. Bf4 {[%emt 0:00:00]} Ke7 {[%emt 0:00:00]} 49. g5 {[%emt 0:00:00]} Kd7 {[%emt 0:00:30]} 50. Kg4 {[%emt 0:00:00]} Ke7 {[%emt 0:02:00]} 51. Be5 {[%emt 0:00:00]} Kd7 {[%emt 0:00:17]} 52. Kh4 {[%emt 0:00:00]} Bc2 {[%emt 0:00:41]} 53. Kg4 {[%emt 0:00:00]} Bd1+ {[%emt 0:01:13]} 54. Kh4 {[%emt 0:00:00]} Bc2 {[%emt 0:00:32]} 55. Bf4 {[%emt 0:00:00]} Bd3 {[%emt 0:00:19]} 56. Kg3 {[%emt 0:00:00]} Bc2 {[%emt 0:00:32]} 57. Kg2 {[%emt 0:00:00]} Bd3 {[%emt 0:00:05]} 58. Kg1 {[%emt 0:00:00]} Bc2 {[%emt 0:01:33]} 59. Kf1 {[%emt 0:00:00]} Bd3+ {[%emt 0:00:48]} 60. Ke1 {[%emt 0:00:00]} Bb1 {[%emt 0:00:54]} 61. Kd2 {[%emt 0:00:00]} Bd3 {[%emt 0:01:01]} 62. Kc3 {[%emt 0:00:00]} Bb1 {[%emt 0:00:29]} 63. Kb4 {[%emt 0:00:00]} Bd3 {[%emt 0:00:11]} 64. Ka5 {[%emt 0:00:00]} Bc4 {[%emt 0:00:54]} 65. Bxe4 {[%emt 0:00:00]} Nxf4 {[%emt 0:00:29]} 66. exf4 {[%emt 0:00:00]} Kd6 {[%emt 0:00:30]} 67. Kb4 {[%emt 0:00:00]} Be2 {[%emt 0:00:27]} 68. Kc3 {[%emt 0:01:15]} Kc5 {[%emt 0:00:34]} 69. f5 {[%emt 0:00:14]} gxf5 {[%emt 0:00:29]} 70. Bxf5 {[%emt 0:00:07]} Kd5 1-0

[Event "Ceske Budejovice Open-A 2019"]
[Site "Ceske Budejovice"]
[Date "2019.07.06"]
[Round "8.23"]
[White "Gumerov, Ruslan"]
[Black "Solovyova, Anastasia"]
[Result "1/2-1/2"]
[WhiteElo "1843"]
[BlackElo "1835"]
[Annotator "NA"]
[PlyCount "26"]
[EventDate "2019.07.02"]
[EventCountry "CZE"]
[SourceTitle "playchess.com"]
[Source "ChessBase"]
[SourceQuality "1"]
[TimeControl "5400+30"]

1. e4 {[%emt 0:01:50]} e5 {[%emt 0:00:07]} 2. Nf3 {[%emt 0:01:07]} Nf6 {[%emt 0:00:19]} 3. Nxe5 {[%emt 0:01:43]} d6 4. Nf3 Nxe4 {[%emt 0:01:37]} 5. d4 {[%emt 0:01:12]} d5 6. Bd3 {[%emt 0:01:28]} Nf6 {[%emt 0:01:56]} 7. O-O {[%emt 0:00:25]} Be7 {[%emt 0:00:14]} 8. h3 Nbd7 {[%emt 0:01:05]} 9. Bf4 {[%emt 0:02:19]} Nf8 10. c4 {[%emt 0:01:32]} dxc4 {[%emt 0:01:01]} 11. Bxc4 {[%emt 0:00:32]} Be6 {[%emt 0:00:23]} 12. Bxe6 {[%emt 0:01:29]} Nxe6 {[%emt 0:00:40]} 13. Be5 O-O 1/2-1/2

[Event "Ceske Budejovice Open-A 2019"]
[Site "Ceske Budejovice"]
[Date "2019.07.06"]
[Round "8.24"]
[White "Prazak, Daniel"]
[Black "Chval, Petr"]
[Result "1-0"]
[WhiteElo "1586"]
[BlackElo "1885"]
[Annotator "NA"]
[PlyCount "55"]
[EventDate "2019.07.02"]
[EventCountry "CZE"]
[SourceTitle "playchess.com"]
[Source "ChessBase"]
[SourceQuality "1"]
[TimeControl "5400+30"]

1. e4 {[%emt 0:00:00]} c5 {[%emt 0:02:02]} 2. Nf3 {[%emt 0:01:15]} e6 {[%emt 0:00:03]} 3. d4 {[%emt 0:00:29]} cxd4 {[%emt 0:00:05]} 4. Nxd4 {[%emt 0:00:31]} a6 {[%emt 0:00:04]} 5. Bd3 {[%emt 0:01:12]} Qc7 {[%emt 0:01:25]} 6. O-O {[%emt 0:03:04]} Nf6 {[%emt 0:02:55]} 7. Qe2 {[%emt 0:04:38]} d6 {[%emt 0:01:47]} 8. Nc3 {[%emt 0:03:08]} b5 {[%emt 0:00:50]} 9. a3 {[%emt 0:04:14]} Be7 {[%emt 0:02:41]} 10. Bd2 {[%emt 0:01:58]} O-O {[%emt 0:03:21]} 11. Rae1 {[%emt 0:01:14]} Nbd7 {[%emt 0:02:33]} 12. Kh1 {[%emt 0:05:33]} Nc5 {[%emt 0:03:02]} 13. f4 {[%emt 0:05:51]} Bb7 {[%emt 0:03:51]} 14. Rf3 {[%emt 0:07:24]} Nfd7 {[%emt 0:07:40]} 15. Rh3 {[%emt 0:04:27]} Nxd3 {[%emt 0:02:46]} 16. Qxd3 {[%emt 0:07:56]} Rfe8 {[%emt 0:06:10]} 17. Ree3 {[%emt 0:15:54]} Qc4 {[%emt 0:00:38]} 18. Nde2 {[%emt 0:10:50]} Qxd3 {[%emt 0:04:01]} 19. cxd3 {[%emt 0:02:02]} Rac8 {[%emt 0:01:04]} 20. Rhf3 {[%emt 0:03:06]} Bd8 {[%emt 0:07:22]} 21. d4 {[%emt 0:01:43]} Bb6 {[%emt 0:01:37]} 22. Rd3 {[%emt 0:00:24]} Nf6 {[%emt 0:02:51]} 23. Ng3 {[%emt 0:00:31]} Rc4 {[%emt 0:02:47]} 24. d5 {[%emt 0:01:11]} exd5 {[%emt 0:01:30]} 25. Nxd5 {[%emt 0:01:11]} Nxd5 {[%emt 0:13:46]} 26. exd5 {[%emt 0:00:16]} g6 {[%emt 0:03:55]} 27. h3 {[%emt 0:01:03]} Bd4 {[%emt 0:03:04]} 28. b3 {[%emt 0:01:47]} 1-0

[Event "Ceske Budejovice Open-A 2019"]
[Site "Ceske Budejovice"]
[Date "2019.07.06"]
[Round "8.25"]
[White "Petras, Milan"]
[Black "Schindler, Gerhard"]
[Result "1-0"]
[WhiteElo "1935"]
[BlackElo "1769"]
[Annotator "NA"]
[PlyCount "33"]
[EventDate "2019.07.02"]
[EventCountry "CZE"]
[SourceTitle "playchess.com"]
[Source "ChessBase"]
[SourceQuality "1"]
[TimeControl "5400+30"]

1. e4 {[%emt 0:00:00]} d5 {[%emt 0:00:00]} 2. Nc3 {[%emt 0:00:51]} d4 {[%emt 0:01:32]} 3. Nce2 {[%emt 0:00:05]} c5 {[%emt 0:02:16]} 4. Ng3 {[%emt 0:00:46]} e5 {[%emt 0:05:01]} 5. Bc4 {[%emt 0:01:34]} Nf6 {[%emt 0:02:28]} 6. d3 {[%emt 0:04:38]} g6 {[%emt 0:01:49]} 7. Nf3 {[%emt 0:00:57]} Bg4 {[%emt 0:07:51]} 8. Bxf7+ {[%emt 0:03:18]} Kxf7 {[%emt 0:04:08]} 9. Nxe5+ {[%emt 0:00:13]} Kg7 {[%emt 0:01:21]} 10. Nxg4 {[%emt 0:00:08]} h5 {[%emt 0:02:59]} 11. Nxf6 {[%emt 0:00:44]} Qxf6 {[%emt 0:00:13]} 12. h4 {[%emt 0:02:30]} Nc6 {[%emt 0:01:10]} 13. Bg5 {[%emt 0:03:44]} Qe6 {[%emt 0:01:06]} 14. f4 {[%emt 0:00:51]} Re8 {[%emt 0:01:21]} 15. O-O {[%emt 0:01:02]} Be7 {[%emt 0:02:22]} 16. f5 {[%emt 0:08:44]} Qd6 {[%emt 0:01:28]} 17. f6+ {[%emt 0:01:06]} 1-0

[Event "Ceske Budejovice Open-A 2019"]
[Site "Ceske Budejovice"]
[Date "2019.07.07"]
[Round "9.3"]
[White "Nagy, Gabor"]
[Black "Karasek, Lukas"]
[Result "1/2-1/2"]
[WhiteElo "2474"]
[BlackElo "2278"]
[Annotator "ChessBase"]
[PlyCount "110"]
[EventDate "2019.07.02"]
[EventCountry "CZE"]
[SourceTitle "playchess.com"]
[Source "ChessBase"]
[SourceQuality "1"]
[TimeControl "5400+30"]

1. Nf3 {[%emt 0:00:00]} Nf6 {[%emt 0:01:53]} 2. c4 {[%emt 0:00:14]} g6 {[%emt 0:00:59]} 3. d4 {[%emt 0:00:23]} Bg7 {[%emt 0:00:14]} 4. Nc3 {[%emt 0:01:09]} O-O {[%emt 0:01:19]} 5. Bg5 {[%emt 0:00:48]} d6 {[%emt 0:05:23]} 6. e3 {[%emt 0:02:37]} h6 {[%emt 0:11:03]} 7. Bh4 {[%emt 0:00:12]} c5 {[%emt 0:06:05]} 8. Be2 {[%emt 0:00:45]} cxd4 {[%emt 0:06:44]} 9. Nxd4 {[%emt 0:00:17]} Nc6 {[%emt 0:01:40]} 10. O-O {[%emt 0:00:20]} Bd7 {[%emt 0:02:37]} 11. Rc1 {[%emt 0:00:22]} a6 {[%emt 0:14:50]} 12. a3 {[%emt 0:00:45]} Rc8 {[%emt 0:02:48]} 13. b4 {[%emt 0:01:56]} Nxd4 {[%emt 0:11:24]} 14. exd4 {[%emt 0:00:17]} b6 {[%emt 0:00:10]} 15. Re1 {[%emt 0:01:00]} Re8 {[%emt 0:00:05]} 16. Bf1 {[%emt 0:00:41]} Bc6 {[%emt 0:04:14]} 17. h3 {[%emt 0:01:22]} Qd7 {[%emt 0:04:40]} 18. Qd2 {[%emt 0:02:48]} a5 {[%emt 0:04:04]} 19. d5 {[%emt 0:03:53]} Bb7 {[%emt 0:00:37]} 20. Qe3 {[%emt 0:01:46]} Qd8 {[%emt 0:06:19]} 21. Na4 {[%emt 0:02:53]} g5 {[%emt 0:00:36]} 22. Bg3 {[%emt 0:00:31]} Nd7 {[%emt 0:00:03]} 23. h4 {[%emt 0:04:32]} e5 {[%emt 0:01:38]} 24. dxe6 {[%emt 0:01:04]} Rxe6 {[%emt 0:00:06]} 25. Qd2 {[%emt 0:00:09]} Ne5 {[%emt 0:01:09]} 26. hxg5 {[%emt 0:00:21]} hxg5 {[%emt 0:00:03]} 27. Red1 {[%emt 0:03:29]} Rh6 {[%emt 0:05:33]} 28. c5 {[%emt 0:01:00]} Qf6 {[%emt 0:00:31]} 29. f4 {[%emt 0:02:43]} gxf4 {[%emt 0:02:13]} 30. Qxf4 {[%emt 0:00:12]} bxc5 {[%emt 0:00:11]} 31. Qxf6 {[%emt 0:01:25]} Rxf6 {[%emt 0:01:56]} 32. Nb6 {[%emt 0:00:13]} Re8 {[%emt 0:04:21]} 33. Bxe5 {[%emt 0:01:49]} Rxe5 {[%emt 0:00:13]} 34. Nd7 {[%emt 0:00:30]} Rxf1+ {[%emt 0:00:41]} 35. Kxf1 {[%emt 0:00:24]} Rf5+ {[%emt 0:00:18]} 36. Kg1 {[%emt 0:00:39]} axb4 {[%emt 0:00:33]} 37. axb4 {[%emt 0:00:13]} Bd4+ {[%emt 0:00:33]} 38. Kh2 {[%emt 0:00:05]} Rh5+ {[%emt 0:00:42]} 39. Kg3 {[%emt 0:00:02]} Rg5+ {[%emt 0:00:24]} 40. Kf4 {[%emt 0:00:25]} Rxg2 {[%emt 0:00:36]} 41. bxc5 {[%emt 0:00:27]} Rf2+ {[%emt 0:00:00]} 42. Kg3 {[%emt 0:00:00]} Rf3+ {[%emt 0:00:00]} 43. Kg4 {[%emt 0:00:00]} dxc5 {[%emt 0:00:00]} 44. Nxc5 {[%emt 0:00:00]} Bxc5 {[%emt 0:00:00]} 45. Rxc5 {[%emt 0:00:00]} Rf6 {[%emt 0:00:00]} 46. Rd7 {[%emt 0:00:00]} Be4 {[%emt 0:00:52]} 47. Re5 {[%emt 0:00:00]} Bg6 {[%emt 0:00:48]} 48. Rd8+ {[%emt 0:00:00]} Kg7 {[%emt 0:00:05]} 49. Ree8 {[%emt 0:00:00]} Ra6 {[%emt 0:00:28]} 50. Rg8+ {[%emt 0:00:00]} Kf6 {[%emt 0:00:05]} 51. Rd4 {[%emt 0:00:00]} Ra5 {[%emt 0:01:27]} 52. Rf4+ {[%emt 0:00:00]} Ke7 {[%emt 0:00:23]} 53. Rb8 {[%emt 0:00:00]} Rc5 {[%emt 0:00:09]} 54. Kf3 {[%emt 0:00:00]} Rc3+ {[%emt 0:00:14]} 55. Ke2 {[%emt 0:00:00]} Ra3 {[%emt 0:00:12]} 1/2-1/2

[Event "Ceske Budejovice Open-A 2019"]
[Site "Ceske Budejovice"]
[Date "2019.07.07"]
[Round "9.5"]
[White "Barrish, Daniel"]
[Black "Richterova, Natasa"]
[Result "1-0"]
[WhiteElo "2237"]
[BlackElo "2179"]
[Annotator "NA"]
[PlyCount "93"]
[EventDate "2019.07.02"]
[EventCountry "CZE"]
[SourceTitle "playchess.com"]
[Source "ChessBase"]
[SourceQuality "1"]
[TimeControl "5400+30"]

1. d4 {[%emt 0:05:43]} d5 {[%emt 0:00:25]} 2. c4 {[%emt 0:00:08]} e6 {[%emt 0:00:05]} 3. Nf3 {[%emt 0:00:06]} c6 {[%emt 0:00:18]} 4. e3 {[%emt 0:00:07]} f5 {[%emt 0:00:05]} 5. b3 {[%emt 0:01:36]} Bd6 {[%emt 0:02:02]} 6. Bd3 {[%emt 0:01:56]} Qe7 {[%emt 0:00:28]} 7. O-O {[%emt 0:00:53]} Nh6 {[%emt 0:00:13]} 8. Bb2 {[%emt 0:00:47]} Nd7 {[%emt 0:00:43]} 9. Qc1 {[%emt 0:00:57]} O-O {[%emt 0:03:21]} 10. Ba3 {[%emt 0:01:49]} Bxa3 {[%emt 0:08:24]} 11. Nxa3 {[%emt 0:00:07]} Nf6 {[%emt 0:18:23]} 12. Nc2 {[%emt 0:03:42]} Bd7 {[%emt 0:12:30]} 13. b4 {[%emt 0:05:56]} a6 {[%emt 0:03:50]} 14. c5 {[%emt 0:03:35]} Nf7 {[%emt 0:03:24]} 15. Ne5 {[%emt 0:01:26]} g5 {[%emt 0:04:29]} 16. f4 {[%emt 0:00:59]} gxf4 {[%emt 0:02:36]} 17. exf4 {[%emt 0:00:50]} Kh8 {[%emt 0:02:08]} 18. Qe1 {[%emt 0:01:19]} Nxe5 {[%emt 0:02:04]} 19. dxe5 {[%emt 0:00:26]} Ng4 {[%emt 0:04:16]} 20. h3 {[%emt 0:02:30]} Nh6 {[%emt 0:00:13]} 21. Nd4 {[%emt 0:01:37]} Rg8 {[%emt 0:00:21]} 22. Kh2 {[%emt 0:00:35]} Rg7 {[%emt 0:00:28]} 23. Rg1 {[%emt 0:02:55]} Rag8 {[%emt 0:05:29]} 24. g3 {[%emt 0:00:25]} Be8 {[%emt 0:02:05]} 25. Be2 {[%emt 0:00:21]} Rf8 {[%emt 0:02:48]} 26. a4 {[%emt 0:00:32]} Bd7 {[%emt 0:02:44]} 27. Qc3 {[%emt 0:03:26]} Rc8 {[%emt 0:00:39]} 28. Rg2 {[%emt 0:02:59]} Be8 {[%emt 0:01:26]} 29. Kg1 {[%emt 0:00:37]} Bg6 {[%emt 0:03:03]} 30. Kf2 {[%emt 0:01:12]} Nf7 {[%emt 0:03:08]} 31. Ke1 {[%emt 0:02:55]} h6 {[%emt 0:01:24]} 32. Kd2 {[%emt 0:01:16]} Kh7 {[%emt 0:00:52]} 33. Rag1 {[%emt 0:00:56]} Rcg8 {[%emt 0:01:06]} 34. Kc1 {[%emt 0:01:29]} Nd8 {[%emt 0:00:06]} 35. Kb2 {[%emt 0:00:45]} Be8 {[%emt 0:00:15]} 36. g4 {[%emt 0:06:43]} Qh4 {[%emt 0:05:02]} 37. Nf3 {[%emt 0:11:04]} Qe7 {[%emt 0:00:49]} 38. Bd3 {[%emt 0:06:46]} Bg6 {[%emt 0:05:35]} 39. Nd4 {[%emt 0:03:13]} fxg4 {[%emt 0:00:34]} 40. hxg4 {[%emt 0:01:15]} Kh8 {[%emt 0:01:14]} 41. f5 {[%emt 0:01:27]} exf5 {[%emt 0:00:08]} 42. gxf5 {[%emt 0:00:24]} Qxe5 {[%emt 0:00:00]} 43. fxg6 {[%emt 0:00:00]} Rf8 {[%emt 0:00:00]} 44. Rh1 {[%emt 0:00:00]} h5 {[%emt 0:00:00]} 45. Rgh2 {[%emt 0:00:00]} Kg8 {[%emt 0:00:00]} 46. Rxh5 {[%emt 0:00:00]} Rf2+ {[%emt 0:00:00]} 47. Kb3 {[%emt 0:00:00]} 1-0

[Event "Ceske Budejovice Open-A 2019"]
[Site "Ceske Budejovice"]
[Date "2019.07.07"]
[Round "9.6"]
[White "Barak, David"]
[Black "Plischki, Sebastian"]
[Result "0-1"]
[WhiteElo "2015"]
[BlackElo "2420"]
[Annotator "NA"]
[PlyCount "114"]
[EventDate "2019.07.02"]
[EventCountry "CZE"]
[SourceTitle "playchess.com"]
[Source "ChessBase"]
[SourceQuality "1"]
[TimeControl "5400+30"]

1. d4 {[%emt 0:00:00]} Nf6 {[%emt 0:00:00]} 2. c4 {[%emt 0:00:00]} e6 {[%emt 0:00:00]} 3. Nc3 {[%emt 0:00:00]} Bb4 {[%emt 0:00:00]} 4. e3 {[%emt 0:00:00]} d5 {[%emt 0:00:11]} 5. Nf3 {[%emt 0:00:00]} O-O {[%emt 0:00:20]} 6. Bd3 {[%emt 0:00:15]} c5 {[%emt 0:00:15]} 7. O-O {[%emt 0:01:35]} cxd4 {[%emt 0:00:12]} 8. exd4 {[%emt 0:01:21]} dxc4 {[%emt 0:00:12]} 9. Bxc4 {[%emt 0:00:28]} b6 {[%emt 0:00:13]} 10. Bg5 {[%emt 0:05:17]} Bb7 {[%emt 0:00:13]} 11. Qe2 {[%emt 0:03:50]} Bxc3 {[%emt 0:01:11]} 12. bxc3 {[%emt 0:00:18]} Nbd7 {[%emt 0:00:07]} 13. Rac1 {[%emt 0:02:26]} Qc7 {[%emt 0:00:53]} 14. Bd3 {[%emt 0:02:25]} Ng4 {[%emt 0:01:26]} 15. Be4 {[%emt 0:11:53]} Bxe4 {[%emt 0:00:10]} 16. Qxe4 {[%emt 0:00:18]} Ngf6 {[%emt 0:00:16]} 17. Qe2 {[%emt 0:02:08]} Rac8 {[%emt 0:01:31]} 18. c4 {[%emt 0:01:57]} Qb7 {[%emt 0:01:15]} 19. Rfe1 {[%emt 0:11:25]} Rfe8 {[%emt 0:05:54]} 20. Qd3 {[%emt 0:07:00]} h6 {[%emt 0:04:27]} 21. Bh4 {[%emt 0:02:35]} Qa6 {[%emt 0:01:09]} 22. Qb3 {[%emt 0:01:46]} Rc6 {[%emt 0:06:36]} 23. Rc3 {[%emt 0:12:19]} Rec8 {[%emt 0:05:20]} 24. Nd2 {[%emt 0:06:25]} Qa5 {[%emt 0:04:36]} 25. Qa3 {[%emt 0:08:01]} Qxa3 {[%emt 0:03:03]} 26. Rxa3 {[%emt 0:00:06]} Rd6 {[%emt 0:01:56]} 27. Bxf6 {[%emt 0:03:10]} Nxf6 {[%emt 0:00:18]} 28. Rd3 {[%emt 0:01:17]} Rc5 {[%emt 0:06:56]} 29. Ree3 {[%emt 0:06:15]} Ra5 {[%emt 0:00:46]} 30. a3 {[%emt 0:00:55]} Ra4 {[%emt 0:00:46]} 31. Re1 {[%emt 0:03:44]} b5 {[%emt 0:05:52]} 32. Rc1 {[%emt 0:03:12]} bxc4 {[%emt 0:00:39]} 33. Rxc4 {[%emt 0:00:05]} Rxc4 {[%emt 0:05:36]} 34. Nxc4 {[%emt 0:00:06]} Rc6 {[%emt 0:00:06]} 35. Rc3 {[%emt 0:00:26]} Ne4 {[%emt 0:07:43]} 36. Rc2 {[%emt 0:00:26]} Nd6 {[%emt 0:00:38]} 37. Ne3 {[%emt 0:00:43]} Ra6 {[%emt 0:00:22]} 38. Ra2 {[%emt 0:02:02]} Nb5 {[%emt 0:01:10]} 39. Nc2 {[%emt 0:01:03]} Rd6 {[%emt 0:01:54]} 40. Kf1 {[%emt 0:02:01]} Nxd4 {[%emt 0:00:18]} 41. Nxd4 {[%emt 0:00:00]} Rxd4 {[%emt 0:00:00]} 42. Ke2 {[%emt 0:00:00]} Ra4 {[%emt 0:00:00]} 43. Kd3 {[%emt 0:00:00]} f5 {[%emt 0:00:00]} 44. Kc3 {[%emt 0:00:00]} Kf7 {[%emt 0:00:00]} 45. Kb3 {[%emt 0:00:00]} Rd4 {[%emt 0:00:00]} 46. Kc3 {[%emt 0:00:00]} e5 {[%emt 0:00:00]} 47. Rb2 {[%emt 0:00:00]} Rd7 {[%emt 0:00:00]} 48. Rb5 {[%emt 0:00:00]} Kf6 {[%emt 0:00:00]} 49. Rb8 {[%emt 0:00:00]} e4 {[%emt 0:00:00]} 50. Rf8+ {[%emt 0:00:00]} Ke5 {[%emt 0:00:00]} 51. Re8+ {[%emt 0:00:00]} Kf4 {[%emt 0:00:00]} 52. Rg8 {[%emt 0:00:00]} g5 {[%emt 0:00:00]} 53. Rf8 {[%emt 0:00:00]} Rd3+ {[%emt 0:00:00]} 54. Kb4 {[%emt 0:00:00]} Rd2 {[%emt 0:00:00]} 55. g3+ {[%emt 0:00:00]} Ke5 {[%emt 0:00:00]} 56. Rh8 {[%emt 0:00:00]} Rxf2 {[%emt 0:00:00]} 57. Rxh6 {[%emt 0:00:00]} f4 {[%emt 0:00:00]} 0-1

[Event "Ceske Budejovice Open-A 2019"]
[Site "Ceske Budejovice"]
[Date "2019.07.07"]
[Round "9.7"]
[White "Marsalek, Zdenek"]
[Black "Nagy, Ladislav"]
[Result "1/2-1/2"]
[WhiteElo "2259"]
[BlackElo "2061"]
[Annotator "NA"]
[PlyCount "33"]
[EventDate "2019.07.02"]
[EventCountry "CZE"]
[SourceTitle "playchess.com"]
[Source "ChessBase"]
[SourceQuality "1"]
[TimeControl "5400+30"]

1. d4 {[%emt 0:00:00]} Nf6 {[%emt 0:01:49]} 2. Nf3 {[%emt 0:00:11]} e6 {[%emt 0:00:25]} 3. g3 {[%emt 0:00:09]} d5 {[%emt 0:00:48]} 4. Bg2 {[%emt 0:00:15]} b5 {[%emt 0:01:57]} 5. O-O {[%emt 0:02:31]} Bb7 {[%emt 0:01:07]} 6. b3 {[%emt 0:00:22]} Nbd7 {[%emt 0:02:15]} 7. Nbd2 {[%emt 0:00:55]} Bd6 {[%emt 0:08:59]} 8. Bb2 {[%emt 0:00:21]} O-O {[%emt 0:03:19]} 9. c4 {[%emt 0:03:54]} bxc4 {[%emt 0:04:30]} 10. bxc4 {[%emt 0:00:10]} dxc4 {[%emt 0:02:23]} 11. Nxc4 {[%emt 0:00:11]} Nb6 {[%emt 0:01:28]} 12. Qc1 {[%emt 0:07:00]} Nxc4 {[%emt 0:09:41]} 13. Qxc4 {[%emt 0:00:42]} Bd5 {[%emt 0:02:10]} 14. Qc2 {[%emt 0:02:50]} Qe7 {[%emt 0:10:50]} 15. Ne5 {[%emt 0:01:43]} Bxg2 {[%emt 0:02:36]} 16. Kxg2 {[%emt 0:00:08]} c5 {[%emt 0:02:59]} 17. dxc5 {[%emt 0:01:58]} 1/2-1/2

[Event "Ceske Budejovice Open-A 2019"]
[Site "Ceske Budejovice"]
[Date "2019.07.07"]
[Round "9.8"]
[White "Muron, Miroslav"]
[Black "Rolinek, Dominik"]
[Result "1-0"]
[WhiteElo "2215"]
[BlackElo "2004"]
[Annotator "NA"]
[PlyCount "69"]
[EventDate "2019.07.02"]
[EventCountry "CZE"]
[SourceTitle "playchess.com"]
[Source "ChessBase"]
[SourceQuality "1"]
[TimeControl "5400+30"]

1. e4 {[%emt 0:00:00]} d6 {[%emt 0:00:00]} 2. Nc3 {[%emt 0:00:00]} Nf6 {[%emt 0:00:00]} 3. g3 {[%emt 0:00:00]} e5 {[%emt 0:00:00]} 4. Bg2 {[%emt 0:00:00]} Be7 {[%emt 0:00:02]} 5. d3 {[%emt 0:00:00]} O-O {[%emt 0:00:07]} 6. Nh3 {[%emt 0:02:33]} c6 {[%emt 0:06:01]} 7. O-O {[%emt 0:02:44]} d5 {[%emt 0:00:12]} 8. Qe2 {[%emt 0:10:29]} dxe4 {[%emt 0:02:11]} 9. dxe4 {[%emt 0:03:09]} h6 {[%emt 0:00:45]} 10. f4 {[%emt 0:06:15]} Bc5+ {[%emt 0:02:36]} 11. Kh1 {[%emt 0:00:40]} exf4 {[%emt 0:00:20]} 12. gxf4 {[%emt 0:01:52]} Bg4 {[%emt 0:00:22]} 13. Qe1 {[%emt 0:03:26]} Re8 {[%emt 0:03:03]} 14. Qg3 {[%emt 0:01:51]} Qc8 {[%emt 0:09:04]} 15. Nf2 {[%emt 0:14:18]} Na6 {[%emt 0:01:26]} 16. e5 {[%emt 0:04:45]} Bxf2 {[%emt 0:01:38]} 17. Rxf2 {[%emt 0:00:20]} Nh5 {[%emt 0:01:12]} 18. Qe3 {[%emt 0:10:08]} Qe6 {[%emt 0:01:36]} 19. Ne4 {[%emt 0:01:21]} Rad8 {[%emt 0:00:40]} 20. Bd2 {[%emt 0:01:30]} b6 {[%emt 0:00:57]} 21. Rg1 {[%emt 0:07:59]} f6 {[%emt 0:18:04]} 22. Bf3 {[%emt 0:01:46]} Bxf3+ {[%emt 0:04:27]} 23. Qxf3 {[%emt 0:00:03]} Qd5 {[%emt 0:00:20]} 24. Bc3 {[%emt 0:02:00]} f5 {[%emt 0:01:47]} 25. Nd6 {[%emt 0:00:46]} Qxf3+ {[%emt 0:00:12]} 26. Rxf3 {[%emt 0:00:02]} Re6 {[%emt 0:00:49]} 27. Nxf5 {[%emt 0:00:28]} Rf8 {[%emt 0:01:37]} 28. Nd4 {[%emt 0:00:41]} Nxf4 {[%emt 0:01:24]} 29. Nxe6 {[%emt 0:00:23]} Nxe6 {[%emt 0:00:05]} 30. Rf6 {[%emt 0:00:59]} Rxf6 {[%emt 0:00:55]} 31. exf6 {[%emt 0:00:03]} g5 {[%emt 0:00:07]} 32. Rd1 {[%emt 0:01:51]} Nac5 {[%emt 0:05:40]} 33. Be5 {[%emt 0:00:19]} Kf7 {[%emt 0:00:13]} 34. b4 {[%emt 0:00:13]} Ne4 {[%emt 0:02:26]} 35. Rd7+ {[%emt 0:00:03]} 1-0